MARC details
| 000 - LÍDER |
| campo de control de longitud fija |
01199nam a2200265Ia 4500 |
| 008 - ELEMENTOS DE DATOS DE LONGITUD FIJA - INFORMACIÓN GENERAL |
| campo de control de longitud fija |
0000002010 sp ad 0000000000mul00 |
| 020 ## - INTERNATIONAL STANDARD BOOK NUMBER |
| International Standard Book Number |
9788488557346 |
| 090 ## - NÚMERO DE LLAMADA DE TIPO LC LOCALMENTE ASIGNADO (OCLC) |
| Número de clasificación (OCLC) (R) |
PSP00 J81j3 |
| 245 10 - TÍTULO DECLARACIÓN |
| Título |
Juan Navarro Baldeweg |
| Resto del título |
: pintar, pintar |
| Declaración de responsabilidad |
/ traducción Dena Cowan ; fotografías Pepe del Cid Mendoza |
| 260 ## - PUBLICACIÓN, DISTRIBUCIÓN |
| Lugar de publicación |
Madrid : Marlborough |
| Fecha de publicación |
2010 |
| 300 ## - DESCRIPCIÓN FÍSICA |
| Alcance |
40 p. |
| Dimensiones |
/ 24 cm. |
| 500 ## - NOTA GENERAL |
| Nota general |
Exposición realizada en Marlborough, Madrid, septiembre 16 octubre 16, 2010; Marlborough, Chelsea, enero febrero, 2011 \ Incluye cronología del artista \ Texto bilingue: español inglés |
| 501 ## - Con nota |
| Con nota |
Estudios en el proceso de activación / Iván López Munuera |
| 505 ## - NOTA DE CONTENIDO FORMATEADA |
| Nota sobre el contenido formateado |
OBRAS : En el estudio Pintar IV Pintar II Pintar I Pintar V Pintor I Pintor en el estudio |
| 600 00 - ENTRADA DE SUJETO AÑADIDO - NOMBRE PERSONAL |
| Nombre de la persona |
NAVARRO BALDEWEG, JUAN, 1939/ |
| Subdivisión general |
TRABAJOS PICTORICOS |
| 650 14 - ENTRADA DE SUJETO AÑADIDO - TÉRMINO TÓPICO |
| Término tópico o elemento de entrada del nombre geográfico |
ARTE CONTEMPORANEO ESPAÑOL |
| 650 14 - ENTRADA DE SUJETO AÑADIDO - TÉRMINO TÓPICO |
| Término tópico o elemento de entrada del nombre geográfico |
ARTISTAS PLASTICOS ESPAÑOLES EXPOSIONES |
| 650 14 - ENTRADA DE SUJETO AÑADIDO - TÉRMINO TÓPICO |
| Subdivisión general |
CATALOGOS |
| 650 14 - ENTRADA DE SUJETO AÑADIDO - TÉRMINO TÓPICO |
| Subdivisión general |
EXPOSICIONES |
| 650 14 - ENTRADA DE SUJETO AÑADIDO - TÉRMINO TÓPICO |
| Término tópico o elemento de entrada del nombre geográfico |
PINTORES ESPAÑOLES |
| 650 14 - ENTRADA DE SUJETO AÑADIDO - TÉRMINO TÓPICO |
| Término tópico o elemento de entrada del nombre geográfico |
PINTURA AL OLEO |
| 650 14 - ENTRADA DE SUJETO AÑADIDO - TÉRMINO TÓPICO |
| Término tópico o elemento de entrada del nombre geográfico |
PINTURA ESPAÑOLA |
| 650 14 - ENTRADA DE SUJETO AÑADIDO - TÉRMINO TÓPICO |
| Término tópico o elemento de entrada del nombre geográfico |
PINTURA SOBRE TELA |
| 700 1# - ENTRADA AGREGADA - NOMBRE PERSONAL |
| Nombre de la persona |
Cowan, Dena Ellen \ Mendoza, Pepe del Cid |